|
|
|
|
| LEADER |
00739cam a2200169 7i4500 |
| 001 |
0000140564 |
| 005 |
20080907090000.0 |
| 002 |
0000005645 |
| 090 |
0 |
0 |
|a LP 11 FASM 1 2007
|
| 100 |
1 |
# |
|a Loh, Kha Liang
|
| 245 |
1 |
0 |
|a Isolation and identification of Citrobacter spp. from Tilapia (Oreochromis spp.)
|c Loh Kha Liang.
|
| 260 |
# |
# |
|a Terengganu:
|b Universiti Malaysia Terengganu,
|c 2007.
|
| 300 |
|
|
|a xi, 47 p.;
|c 30 cm..
|
| 502 |
# |
# |
|a Project Report FASM (Degree of Bachelor of Science Agrotechnology - Aquaculture) 2007
|
| 520 |
3 |
# |
|a This study was conducted to isolate and identify Citrobacter spp. from tilapia hybrid fry from aquaculture fresh water ponds.
|
| 602 |
# |
# |
|a Laporan Projek FASM 2007
|
| 999 |
|
|
|a 1100057949
|b Book
|c LAPORAN PROJEK
|e BILIK ARKIB
|